书目信息 |
| 题名: |
世界摄影名作快读
|
|
| 作者: | 程文超 , 张书珩 主编 | |
| 分册: | ||
| 出版信息: | 呼和浩特 远方出版社 2004 |
|
| 页数: | 11,304页 | |
| 开本: | 21cm | |
| 丛书名: | 人文经典快读书系 | |
| 单 册: | ||
| 中图分类: | J405.1 | |
| 科图分类: | ||
| 主题词: | 摄影艺术--鉴赏--世界 | |
| 电子资源: | ||
| ISBN: | 7-80595-965-X | |
| 000 | 00908oam2 2200277 450- | |
| 001 | 0101163630 | |
| 005 | 20051008084940.0 | |
| 010 | @a7-80595-965-X@dCNY24.00 | |
| 011 | @a7-80595-965-X | |
| 100 | @a20050801d2004 em y0chiy0120 ea | |
| 101 | 0 | @achi |
| 102 | @aCN@b150000 | |
| 105 | @aa z 000yy | |
| 106 | @ar | |
| 200 | 1 | @a世界摄影名作快读@9Shi Jie She Ying Ming Zuo Kuai Dou;Du @f程文超,张书珩主编@b专著 |
| 210 | @a呼和浩特@c远方出版社@d2004 | |
| 215 | @a11,304页@c照片@d21cm | |
| 225 | 2 | @a人文经典快读书系 |
| 330 | @a本书分社会纪实摄影名作、人像人体摄影名作和景物动物摄影名作三部分,对当代世界优秀的摄影作品进行详细的介绍和评论。 | |
| 461 | 0 | @1001002948095 |
| 606 | 0 | @a摄影艺术@x鉴赏@y世界 |
| 690 | @aJ405.1@v4 | |
| 701 | 0 | @a程文超@c(摄影)@4主编@9cheng wen chao |
| 701 | 0 | @a张书珩@4主编@9zhang shu heng |
| 801 | 0 | @aCN@bAZmarc@c20230901 |
| 905 | @aBZT@dJ405.1@e1@f1@sJ405.1/1 | |
| 世界摄影名作快读/程文超,张书珩主编.-呼和浩特:远方出版社,2004 |
| 11,304页:照片;21cm.-(人文经典快读书系) |
| ISBN 7-80595-965-X:CNY24.00 |
| 本书分社会纪实摄影名作、人像人体摄影名作和景物动物摄影名作三部分,对当代世界优秀的摄影作品进行详细的介绍和评论。 |
| ● |
| 相关链接 |
|
|
|
正题名:世界摄影名作快读
索取号:J405.1/1
 
预约/预借
| 序号 | 登录号 | 条形码 | 馆藏地/架位号 | 状态 | 备注 |
| 1 | 2000034243 | 2000034243 | 旧书回溯/ [索取号:J405.1/1] | 在馆 |